000 00463cam a22001698a 4500
020 _a0321498755
020 _a0321501039
082 _a515
_bTHO
_cN-01, P-145
100 _aGIordano Weir Hass
_939320
245 0 0 _aThomas' calculus
_cWeir Hass Giordano
250 _a11th ed.
260 _aBoston, Mass. :
_bPearson,
_c2007.
300 _axvi, 1228 p. :
_bill.
_c29 cm.
526 _a0
_b0
_c0
_d515_000000000000000_THO
650 _aNUST
_96342
942 _2ddc
_cBK
999 _c543821
_d543821